[Event "Sigeman & Co 06th"]
[Site "Malmo"]
[Date "1998.06.12"]
[Round "4"]
[White "Hansen, Curt"]
[Black "Miladinovic, Igor"]
[Result "1/2-1/2"]
[WhiteElo "2595"]
[BlackElo "2565"]
[Annotator "Avrukh,B"]
[PlyCount "144"]
[EventDate "1998.06.09"]
[EventType "tourn"]
[EventRounds "9"]
[EventCountry "SWE"]
[EventCategory "13"]
[SourceTitle "CBM 066"]
[Source "ChessBase"]
[SourceDate "1998.09.30"]
[SourceVersion "1"]
[SourceVersionDate "1998.09.30"]
[SourceQuality "1"]

1. d4 {Hecht} d5 2. Nf3 Nc6 3. Bf4 Bg4 4. e3 e6 5. c4 dxc4 (5... Bd6 6. Bg3 Nf6
7. Nc3 O-O 8. cxd5 (8. Be2 $5 Bxg3 9. hxg3 Qe7 10. Ne5 Bxe2 11. Qxe2 Rfd8 12.
O-O-O $1 $36 {Zimmer,R-Gegner,J/BL2-S 1991 (27)}) 8... exd5 9. Bh4 $1 Re8 $6
10. Be2 Be7 11. Qb3 Ne4 12. Bxe7 Nxe7 13. Nxe4 dxe4 14. Ng5 $16 {Petronic,
J-Nikolic,Z/Belgrade op 1989/1-0 (59)}) 6. Bxc4 (6. Nc3 Bd6 7. Bxd6 Qxd6 8.
Bxc4 Nf6 9. Qc2 O-O 10. a3 a6 11. Rd1 $14 {Lindinger,M-Stock,U/OLNN9697 1996 
(27)}) 6... Bd6 7. Bg3 (7. Bxd6 Qxd6 8. O-O Nf6 9. Be2 e5 10. dxe5 Qxd1 11.
Bxd1 Nd7 12. Nc3 Bxf3 13. Bxf3 Ndxe5 14. Bxc6+ Nxc6 15. Rfd1 $14 {Andersson,
U-Sadler,M/Malmo 1995 (38)}) 7... Nf6 (7... Nge7 8. Nc3 O-O 9. Rc1 Nf5 10. Bxd6
Qxd6 11. O-O Qe7 12. Bb5 $14 {Espig,L-Diebl,L/OLO-B 9596 1996 (34)}) 8. Nc3
Bxg3 9. hxg3 Qd6 10. a3 $5 {Covering square b4 and preparing to regroup the
pieces.} (10. Qa4 $5 Qb4 11. Bb5 O-O 12. Bxc6 Qxb2 13. O-O bxc6 14. Qxc6 Qb6
15. Ne5 $14 {Kraidman,Y-Hoppe,W/Siegen olm 1970 (41)}) 10... a6 11. Qc2 h6 12.
Bd3 (12. Ne4 Nxe4 13. Qxe4 Bf5 14. Qf4 Ne7 $5 (14... Qxf4 15. gxf4 Be4 16. Nd2
Bxg2 17. Rg1 Bh3 18. Rxg7 $14) 15. Nd2 Qb6 16. b4 $14) 12... e5 13. Ne4 ({After
} 13. dxe5 Nxe5 14. Nxe5 Qxe5 15. O-O O-O {the position is balanced.}) 13...
Nxe4 14. Bxe4 Bxf3 (14... exd4 $2 15. Bxc6+ Qxc6 (15... bxc6 16. Nxd4 Bd7 17.
Rc1 $16) 16. Qxc6+ bxc6 17. Nxd4 c5 18. Nb3 c4 19. Na5 $1 $16) 15. gxf3 exd4
16. O-O-O $1 O-O-O (16... Rd8 17. Rh4 $1 O-O 18. Bxc6 d3 $1 (18... Qxc6 19.
Qxc6 bxc6 20. Rhxd4 Rxd4 21. Rxd4 $16 {[%csl Ra6,Rc6,Rc7][%cal Gd4a4,Gd4d7]})
19. Qc3 bxc6 20. Rc4 $1 $36 {[%csl Rc6,Rd3]}) 17. Rh5 $1 $36 g5 (17... Ne5 18.
Rxd4 Qf6 19. f4 Nd7 20. Rc4 $14) 18. Bxc6 Qxc6 19. Qxc6 bxc6 20. Rxd4 Rxd4 21.
exd4 $14 {The arising endgame,despite of seeming simplicity is extremly
unpleasent for black:numerous weaknesses,passive position of the rook,lack of
counterplay-all these factors make the defense very difficult.} a5 $5 {
Thinking about counterplay in the nearest future;white pawn on b2 will become
the target for a black rook.} 22. g4 (22. f4 $6 gxf4 23. Rxa5 fxg3 $1 24. fxg3
(24. Ra8+ $2 Kd7 25. Rxh8 gxf2 $19) 24... Kd7 25. Rf5 Ke6 $11) 22... Kd7 23. f4
$5 f6 (23... gxf4 $2 24. Rxa5 $5 (24. g5 $5 a4 25. gxh6 Rh7 26. Kc2 Ke6 27. b3
axb3+ 28. Kxb3 $18 {[%cal Ga3a7]}) 24... Rg8 25. f3 {[%csl Rf4,Rf7][%cal Ga5f5]
} Rg5 26. Rxg5 hxg5 27. Kd2 Ke6 28. Kd3 f5 29. gxf5+ Kxf5 30. a4 g4 31. fxg4+
Kxg4 32. Ke2 $1 $18) 24. Kd2 Ke6 25. Kd3 a4 $1 {[%csl Rb2]} 26. fxg5 (26. Kc4
Rb8 $5 27. Rxh6 gxf4 28. g5 Kf5 $1 29. gxf6 Kg5 30. Rh7 Kxf6 31. Rxc7 Rxb2 32.
Rxc6+ Kg5 $1 $11) 26... fxg5 27. Ke4 Kd7 28. f3 (28. f4 gxf4 29. Kxf4 Rf8+ 30.
Ke4 Rf2 31. Rxh6 Rxb2 32. g5 $14) 28... Rb8 $1 {The time for an active
counterplay.} 29. Rxh6 Rxb2 30. Rg6 (30. Rh5 Rb5 31. f4 gxf4 32. Kxf4 Rb3 $11)
30... Rb5 31. Rg7+ {White decides not to take any responsable decisions befor
40th move!} Kd6 32. Rg6+ Kd7 33. Kd3 Ra5 34. Ke4 Rb5 35. Rg8 Ra5 36. Rf8 Ke6
37. Rc8 Kd7 38. Rg8 Ke6 39. Rg7 Kd6 40. Rg6+ Kd7 41. Rf6 $5 {Finally making a
move!} Rb5 42. Rf5 Kd6 43. Re5 Kd7 (43... Rb3 $2 44. Rxg5 Rxa3 45. Ra5 Ra1 46.
Kf5 a3 47. g5 a2 48. f4 Ke7 49. Ra7 $1 Kd6 50. g6 Kd5 51. Kf6 Rf1 52. g7 $1 $18
) 44. d5 $5 Kd6 ({Of course not} 44... Rxd5 45. Rxd5+ cxd5+ 46. Kxd5 c6+ 47.
Ke5 $1 (47. Kc5 $2 Ke6 48. Kxc6 (48. Kb4 $2 Kd5 $1 49. Kxa4 Kc4 $1 50. Ka5 c5
51. a4 Kd4 52. Kb5 c4 53. a5 c3 54. a6 c2 55. a7 c1=Q 56. a8=Q Qc4+ 57. Kb6
Qc5+ 58. Kb7 Qd5+ $19) 48... Ke5 49. Kb5 Kf4 50. Kxa4 Kxf3 51. Kb5 Kxg4 52. a4
Kh3 53. a5 g4 $11) 47... Kc7 48. Kf5 c5 49. Kxg5 Kd6 50. Kf4 Kd5 51. Ke3 Kc4
52. g5 $18) 45. Re6+ Kd7 46. Rxc6 Rb3 47. Rg6 Rxa3 48. Rxg5 Ra1 49. Rg8 Re1+ $1
50. Kd3 (50. Kf5 Re8 $1 51. Rg7+ $5 (51. Rg6 Ra8 52. Rh6 a3 53. Rh1 a2 54. Ra1
Kd6 55. g5 Kxd5 $11) 51... Kd6 52. Rg6+ Kxd5 53. Ra6 Rf8+ $11) 50... Rd1+ 51.
Kc4 Rb1 52. Kd4 Rd1+ 53. Ke3 Re1+ 54. Kd3 Rd1+ 55. Ke2 $5 {The last chanse to
try to win the game.} Rxd5 56. Ra8 Rd4 {[#] Hecht: verbundene gegen
vereinzelte Freibauern ist das Thema Nr.1 Die "Verbundenen" sind stärker.} 57.
Ke3 Rb4 58. f4 Ke6 59. f5+ Kf6 60. Ra6+ Rb6 $5 ({Another possibility was} 60...
Ke5 $5 61. Re6+ Kd5 62. g5 a3 63. g6 a2 64. Ra6 Ke5 65. g7 Rg4 $11 {with the
draw.}) (60... Kg5 {Hecht} 61. Rg6+ Kh4 62. f6 a3 63. f7 a2 (63... Rb8 64. Rg8
$18) 64. f8=Q Rb3+ 65. Kf4 $18) (60... Kf7 {Hecht} 61. g5 Rb3+ 62. Kf4 Rb4+ 63.
Kg3 Rc4 64. g6+ Kg7 65. Re6 a3 66. Re7+ Kf6 67. g7 a2 68. g8=Q $18) 61. Rxa4
Kg5 62. Re4 c5 63. Kd3 Ra6 64. Kc4 Ra5 65. Kd5 c4+ 66. Kxc4 Ra8 $11 {This
position is famous theoretical draw;white tries to prove different,but without
success! [#] Hecht: Schwarz hat eine perfekte Blockade der "Verbundenen"
erreicht. Kann Weiß gewinnen? (Thema Nr.2)} 67. Kc5 Rd8 68. Kc6 Rd1 69. Re7
Kxg4 70. f6 Rd8 71. f7 Rf8 72. Kd6 Kf5 1/2-1/2

[Event "WchT 4th"]
[Site "Luzern"]
[Date "1997.10.30"]
[Round "6.3"]
[White "Savchenko, Stanislav"]
[Black "Rublevsky, Sergei"]
[Result "1/2-1/2"]
[WhiteElo "2565"]
[BlackElo "2650"]
[Annotator "Avrukh,B"]
[PlyCount "45"]
[EventDate "1997.10.25"]
[EventType "team-tourn"]
[EventRounds "9"]
[EventCountry "SUI"]
[SourceTitle "CBM 062"]
[Source "ChessBase"]
[SourceDate "1998.01.31"]
[SourceVersion "1"]
[SourceVersionDate "1998.01.31"]
[SourceQuality "1"]
[WhiteTeam "Ukraine"]
[BlackTeam "Russia"]
[WhiteTeamCountry "UKR"]
[BlackTeamCountry "RUS"]

1. Nf3 {Tyomkin,D} d5 2. d4 e6 3. g3 c5 4. Bg2 cxd4 5. O-O Nf6 6. Nxd4 e5 7.
Nb3 Be6 8. Bg5 (8. Nc3 {Tyomkin,D} Be7 9. f4 exf4 10. gxf4 g6 11. Nd4 (11. Kh1
{Romanishin,O} Nc6 12. Be3 O-O 13. Nd4 Ng4 (13... Qd7 14. f5 Nxd4 15. Bxd4 (15.
fxe6 Nxe6 16. Nxd5 Nxd5 17. Qxd5 $14) 15... Bxf5 16. Bxf6 Bxf6 17. Nxd5 Bd8 $8
(17... Bxb2 18. Rxf5 $1 gxf5 19. Rb1 $18) 18. Qd4 $14) 14. Nxe6 fxe6 15. Bg1
Nh6 16. e4 dxe4 17. Nxe4 Qc7 18. c3 $1 $14 {Romanishin,O-Ulybin,M/Moscow (ol)
1994/1/2-1/2 (69)}) 11... Bc5 $5 $146 (11... Bg4 12. h3 $1 (12. Qd3 Nc6 13. h3
{1/2-1/2 Krasenkov,M-Horvath,J/Budapest Noviki-A 1989}) 12... Bh5 $140 13. Nb3
{[%csl Rd5]}) 12. Na4 Bxd4+ 13. Qxd4 Nc6 14. Qc3 $6 (14. Qd3 $5 Qa5 (14... Qe7
15. Be3 {[%csl Yc5]}) 15. Nc3 $13) 14... d4 $1 15. Bxc6+ $142 (15. Qa3 {
Koniushkov,I-Ulibin,M/RUS-Cup6 1997/0-1(49)}) 15... bxc6 16. Qxc6+ Kf8 $1 (
16... Bd7 17. Qc4 $16) 17. Nc5 Bf5 $44) 8... Nbd7 9. e4 (9. Nc3 $5 h6 $6 (9...
Be7 $5) 10. Bxf6 Nxf6 11. Qd3 $1 {[%cal Yd3b5,Ga1d1] @} Qd7 (11... Rc8 12. Rad1
d4 13. Qb5+ Nd7 14. Nd5 Rxc2 15. Rc1 $16 {Simic,R-Horvath,J/JUG-chT Igalo 1994/
1-0 (46)}) 12. Rad1 d4 13. Ne4 Rc8 14. c3 dxc3 15. Qf3 Qe7 16. Nxc3 e4 17. Qe3
$16 {/+- Anikaev,Y-Totsky,L,Smolensk,1991/1-0} (17. Nxe4 Nxe4 18. Qxe4 Bxb3 19.
axb3 $16)) 9... dxe4 10. Nc3 {This line doesn't give white too much chances to
get advantage.Black has enough time to finish development.} (10. Bxe4 $6 Qc7
11. Bg2 Be7 12. Nc3 a6 13. Re1 O-O $11 {Nehse,G-Prudnikova,S/Halle-W 1987/0-1
(38)}) 10... Qc7 $5 $146 (10... Be7 11. Bxf6 $6 (11. Nxe4 $142 Nxe4 12. Bxe7
Qxe7 13. Bxe4 Nf6 14. Bg2 O-O 15. Re1 $14) 11... Nxf6 12. Nxe4 Qc7 13. Nxf6+
Bxf6 14. c3 Rd8 15. Qf3 b6 16. Rfd1 O-O 17. Qc6 Qxc6 18. Bxc6 Bg5 $15 {^^_|_
Csom,I-Forintos,G/HUN-chT 1993/1/2-1/2 (43)}) (10... h6 $5) 11. Nxe4 Nxe4 12.
Bxe4 h6 13. Bd2 Be7 $11 14. Ba5 Nb6 15. c4 (15. Qf3 Rb8 $11) 15... Qxc4 (15...
Bxc4 $6 16. Rc1 $16 {[%cal Yc1c7,Ya5c7]}) 16. Bxb7 Rd8 17. Qf3 O-O 18. Rfc1 Qb5
19. Bc6 Qa6 20. Bb7 Qb5 21. Bc6 Qa6 22. Bb7 Qb5 23. Bc6 1/2-1/2

[Event "GER-ch 70th"]
[Site "Bremen"]
[Date "1998.11.11"]
[Round "6"]
[White "Telljohann, Sven"]
[Black "Gutman, Lev"]
[Result "1-0"]
[WhiteElo "2410"]
[BlackElo "2480"]
[Annotator "Avrukh,B"]
[PlyCount "83"]
[EventDate "1998.11.06"]
[EventType "swiss"]
[EventRounds "9"]
[EventCountry "GER"]
[SourceTitle "CBM 068"]
[Source "ChessBase"]
[SourceDate "1999.02.01"]
[SourceVersion "1"]
[SourceVersionDate "1999.02.01"]
[SourceQuality "1"]

{[%mdl 704]} 1. Nf3 Nf6 2. g3 g6 3. Bg2 Bg7 4. O-O O-O 5. d4 d5 6. Nbd2 Na6 7.
c4 (7. b3 c5 8. Bb2 b6 9. c4 Bb7 10. dxc5 $6 (10. e3 $5) 10... Nxc5 11. b4 Nce4
12. Nxe4 dxe4 13. Nd4 Ng4 {[%cal Gg4e5,Ge5c4]} 14. h3 Ne5 15. Rc1 Rc8 16. Qb3
Qd7 17. Rfd1 Nxc4 $1 18. Rxc4 Rxc4 19. Qxc4 e5 20. Qb3 exd4 21. Bxd4 Rd8 $11 {
1/2-1/2 Dumitrache,D-Mikhalchishin,A/Cappelle la Grande 1991/TD 91\02 (21)}) (
7. Nb3 Nd7 (7... b6 $5 8. Ne5 Bb7 9. Be3 $6 (9. c4 e6 10. Bf4 Qe7 $5 {/\c5<=>})
9... Ne4 $1 $10 {[%cal Ge4d6,Gd6f5] 0-1 Ye Rongguang-Stohl,I/Manila 1990 (44)}
10. Nd3 Nd6 {[%csl Rb2,Rd4,Re3][%cal Gd6f5,Gd6c4]}) (7... c6 8. Bf4 Re8 9. Rc1
Bf5 10. Ne5 Nd7 11. Re1 {[%cal Ge2e4]} Nxe5 12. dxe5 f6 13. exf6 Bxf6 14. e4
dxe4 15. c3 $1 $14 {[%csl Re7] Andersson-Ftacnik,Haninge 1990}) (7... Bf5 $5 8.
c3 {[%csl Ra6]} c6 $13 {[%cal Ga6c7]}) 8. c3 c5 9. dxc5 Ndxc5 10. Be3 Na4 11.
Qd2 Nb6 12. Bxb6 $1 axb6 13. Rfd1 Nc5 (13... e6 14. e4 Nc7 15. c4 $16 {[%csl
Rd5]}) 14. Nxc5 bxc5 15. e4 (15. Qxd5 Qxd5 16. Rxd5 b6 {[%csl Ra2,Gc8,Gg7]
[%cal Gc8e6]} 17. a3 Be6 $14) 15... d4 16. cxd4 cxd4 17. e5 (17. Nxd4 Qb6 $132
(17... e5 $6 18. Nf5 Bxf5 19. exf5 $16 {[%csl Rb7,Gg2]})) 17... Bg4 18. Qxd4
Qxd4 19. Rxd4 Bxf3 20. Bxf3 Bxe5 21. Rb4 $14 {1/2-1/2 Stempin,P-Nowak,I/
Bydgoszcz 1990/EXT 90ch (62)}) (7. e3 $6 c5 8. dxc5 Nxc5 9. Nb3 Nce4 {[%csl
Rc1,Ge4]} 10. Nbd4 Qc7 11. Nd2 $6 Nd6 12. b3 $2 {[%csl Rc3]} (12. N2f3 Bg4 $15)
12... Bg4 13. f3 Qc3 $1 $17 {[%csl Re3] 0-1 Mena Trujillo,Y-Fernandez Garcia,J/
Las Palmas 1993 (25)}) (7. Ne5 c5 8. c3 Qb6 9. Nb3 cxd4 10. cxd4 (10. Qxd4 $5)
10... Bf5 11. a3 (11. Bg5 $2 Rac8 12. Rc1 Rxc1 13. Qxc1 Rc8 $17 {[%cal Gc8c2]})
11... Rac8 12. Nd3 Qb5 13. a4 {[%csl Rb4]} Qd7 14. Bf4 b6 15. Nbc1 Nb8 {
[%csl Rd4][%cal Gb8c6]} 16. Bxb8 $6 (16. Ne5 $11 {[%cal Gc1d3,Ga4a5]}) 16...
Rxb8 $15 {0-1 Izeta Txabarri,F-Martin Gonzalez,A/Benasque 1995/CBM 50 (41)})
7... c5 (7... dxc4 $5 8. Nxc4 Be6 9. b3 (9. Nfe5 Bd5 10. f3 {[%cal Ge2e4]} c5
$1) (9. Ncd2 $2 {[%csl Rc1]} c5 10. e3 Bd5 11. Qe2 cxd4 12. Nxd4 Bxg2 13. Kxg2
Rc8 14. N2f3 Ne4 15. Rd1 Qb6 16. Bd2 Nac5 $15 {[%csl Rd2,Gg7] 0-1 Becking,
S-Zagorskis,D/Nuernberg 1995/EXT 95op2 (60)}) 9... Bd5 10. Bb2 c6 11. e3 Qc7
12. Qe2 Rfd8 13. Rac1 $14 {1/2-1/2 Csom,I-Sax,G/HUN-ch 1973/MCD-ch (20)}) 8. e3
(8. cxd5 Nxd5 9. dxc5 Nxc5 10. Nb3 Na4 {[%cal Ga4b2,Gg7b2]} 11. Nbd4 Ndb6 12.
b3 Nc3 13. Qc2 Nb5 14. e3 Bg4 (14... Nxd4 15. Nxd4 e5 16. Nf3 Bf5 17. e4 Rc8
18. Qe2 $14 {[%csl Rb6][%cal Gc1a3,Gf1d1]}) 15. Bb2 Rc8 16. Qe4 Bxf3 17. Bxf3
Nd6 18. Qb1 e5 19. Ne2 Qe7 20. Bg2 f5 21. Rd1 Rfd8 22. a4 $11 {1/2-1/2 Fries
Nielsen,J-Ftacnik,L/BL8990 1990/BL 90 (22)}) 8... dxc4 9. Nxc4 Bf5 10. b3 $2 (
10. Ng5 $5 {[%cal Gg2b7,Ge3e4]} Qc7 11. e4 cxd4 12. exf5 Qxc4 13. Bxb7 Rab8 14.
Bxa6 Qxa6 15. fxg6 hxg6 16. Qxd4 Nh7 17. Qe3 (17. Qh4 Nxg5 18. Bxg5 $13) 17...
Nxg5 18. Qxg5 Bxb2 19. Bxb2 Rxb2 20. Qxe7 $11) (10. Nfd2 $6 Rb8 11. e4 $2 Bg4
$17) 10... Nb4 11. Bb2 Bc2 $1 12. Qd2 (12. Qc1 Be4 {[%cal Gb4d3]} 13. dxc5 (13.
Ncd2 $2 Bd3 14. Rd1 Be2 15. Qxc5 Nd3 16. Qa3 Bxd1 17. Rxd1 Nxb2 18. Qxb2 Rc8
$17) 13... Nd3 14. Qd2 Qd5 15. Rad1 Nxb2 16. Qxb2 Qxc5 $15 {[%csl Ge4,Gg7]})
12... Ne4 13. Qc1 {[%csl Rc2]} Bd3 14. Re1 $2 (14. Rd1 $142 Be2 15. Nfe5 {
[%cal Gd1e1]} Bxd1 16. Bxe4 Be2 17. Bxb7 Rb8 18. Bg2 $15 {[%csl Rc6]}) 14... b5
({Of cause not} 14... Nc2 $2 15. Rd1 Nxa1 16. Rxd3) 15. Nce5 cxd4 (15... f6 $2
16. Ng4 Nc2 17. Rd1 Nxa1 18. Rxd3 {[%cal Gc1a1]} h5 19. Nh4 $16) 16. Bxd4 Rc8
17. Qa3 Nc2 18. Qb2 f6 $2 {[%mdl 8192] Untill this moment black played very
good in the opening,and outplayed his opponent,but now black starts to lose
control in the game , after the two next moves of black white gets a big
advantage.} (18... Nxa1 19. Nxd3 e5 (19... Bxd4 20. exd4 $1 $16 {[%cal Ge1e4,
Gb2a1,Ge1a1]} (20. Nxd4 Nc2 21. Bxe4 Nxe1 22. Nxe1 $14)) 20. Nfxe5 Bxe5 21.
Nxe5 Nc2 22. Bxe4 $1 Nxe1 23. Ng4 $16 {[%csl Rf6,Rg7,Yg8,Rh6]}) (18... Nxe1 19.
Nxe1 Bxe5 20. Bxe5 Nc5 21. Rd1 f6 22. Bf4 $1 (22. b4 Na4 23. Qb3+ Bc4 24. Rxd8
Rfxd8 $1 $17 (24... Bxb3 $2 25. Rxc8 Rxc8 26. axb3 Rc1 27. Kf1 fxe5 28. bxa4
bxa4 29. Ke2 a3 30. Kd2 $16 {[%cal Ge1c2]})) (22. Bd4 Be4 $17 {[%cal Gd8d1]})
22... e5 23. Bh6 Rf7 24. b4 Na4 25. Qb3 e4 26. Bxe4 Bxe4 27. Rxd8+ Rxd8 $13 {
[%csl Ra4][%cal Gb3g8]}) (18... Bxe5 $1 {was the right desicion.} 19. Nxe5 (19.
Bxe5 Nxa1 $1 (19... Nxe1 $2 20. Nxe1 Nc5 21. Rd1) 20. Qxa1 f6 21. Bb2 Nd6 $17 {
[%cal Gd3e4]}) 19... Nxe1 20. Rxe1 Rc2 21. Qa1 (21. Ng4 $2 h5 22. Nh6+ Kh7 $19)
21... Nxf2 22. Rc1 Qc7 $19) 19. Nxd3 e5 $2 (19... Nxa1 $8 20. Qxa1 (20. Rxa1 e5
21. Nfe1 $140 $4 exd4 22. Bxe4 f5 23. Bg2 dxe3 24. Ne5 Qd2 $19) 20... e5 21.
Ndxe5 fxe5 22. Bxe5 $14) 20. Rad1 $1 $16 {[%mdl 64]} exd4 (20... Nxe1 21. Nfxe1
exd4 22. Bxe4 f5 23. Bg2 dxe3 24. Qe2 exf2+ 25. Nxf2 $16 {[%csl Ge1,Gf2,Gg2]})
21. Re2 dxe3 (21... Nxe3 22. fxe3 Nc3 23. Rde1 Nxe2+ 24. Rxe2 (24. Qxe2 dxe3
25. Qxe3 Re8 26. Qxe8+ Qxe8 27. Rxe8+ Rxe8 28. Kf2 f5 $14) 24... Rc3 25. Nf4 {
[%cal Gf4e6]} Rxe3 26. Nxd4 $1 $16) 22. Rxc2 f5 23. Qc1 (23. Rxc8 $2 Qxc8 24.
Nfe5 exf2+ 25. Nxf2 Qc5 26. Bxe4 fxe4 (26... Bxe5 $2 27. Qc1 Qxc1 28. Bd5+ $18
{[%cal Gd1c1]}) 27. Nd7 Qh5 $13 {[%cal Gf8f2,Ge4e3]}) 23... Nc3 24. Rxc3 Rxc3
$2 (24... exf2+ $1 25. Nxf2 Rxc3 26. Qf4 $16 (26. Qxc3 $6 Bxc3 27. Rxd8 Rxd8
28. Kf1 $14 {[%cal Gf1e2]})) 25. Qxe3 $18 Re8 26. Qd2 a5 27. Bf1 a4 28. bxa4
bxa4 29. Rc1 Qc7 (29... Rxc1 30. Qxc1 {With queens it is very difficult to
defense for black,because white has a strong attack with four piecies and
black has only three for defencing.If white exchange queens:} (30. Nxc1 $2 Qxd2
31. Nxd2 Re1 32. Nd3 Ra1 {than black has even better chances!})) 30. Rxc3 Qxc3
31. Qd1 $1 {White playing for attack.} Re4 32. Qb1 {[%mdl 128]} h6 33. h4 Kh7
34. h5 {[%csl Rg7]} g5 35. Qb5 Qf6 36. Nc5 Re7 37. Bd3 {[%csl Gd3,Rg7][%cal
Gd3h7]} (37. Qxa4 $18) 37... a3 (37... g4 38. Nh4 {[%csl Rf5]} Qa1+ 39. Kg2
Qxa2 40. Nxf5 $18) 38. Kg2 Kh8 39. Nd7 Qf7 40. Bxf5 Qxa2 41. Qa6 Qf7 42. Qxa3
$1 1-0

[Event "RUS-Cup Final"]
[Site "Sochi"]
[Date "1997.09.18"]
[Round "2"]
[White "Kharitonov, Andrei Y"]
[Black "Shcherbakov, Ruslan"]
[Result "1-0"]
[WhiteElo "2540"]
[BlackElo "2580"]
[Annotator "Avrukh,B"]
[PlyCount "49"]
[EventDate "1997.09.17"]
[EventType "tourn"]
[EventRounds "11"]
[EventCountry "RUS"]
[EventCategory "13"]
[SourceTitle "CBM 062"]
[Source "ChessBase"]
[SourceDate "1998.01.31"]
[SourceVersion "1"]
[SourceVersionDate "1998.01.31"]
[SourceQuality "1"]

1. d4 d5 2. Nf3 e6 3. g3 c5 4. Bg2 cxd4 5. Nxd4 Nf6 6. O-O e5 7. Nb3 Nc6 8. Bg5
Be6 9. Nc3 d4 10. Ne4 Be7 11. Bxf6 Bxf6 $5 {Quiet rare continuation,much more
oftenly black opts for 11...gf6,which gives white nice choice between 12.c3
and 12.Nec5 with very comfortable position in both cases:} (11... gxf6 12. Nec5
$5 (12. c3 $5 dxc3 (12... O-O 13. Nec5 dxc3 14. bxc3 Qc7 15. Nxe6 fxe6 16. Qd3
$1 Rac8 17. Rad1 $14 {[%csl Re6] Horvath Csaba-Farago,I/Memorial Elekes,
Budapest (Hungary) 1995/1-0 (64)}) 13. Nxc3 f5 $5 (13... h5 14. Bd5 f5 $6 (
14... h4 $5 15. e4 hxg3 16. hxg3 Qd7 $132) 15. e4 $1 Qd7 16. exf5 Bxf5 17. Qf3
Be6 18. Bxe6 Qxe6 19. Rad1 $16 {[%csl Re8] Simic,R-Agzamov,G/Stara Pazova 1983
(35)}) 14. e4 Qxd1 15. Rfxd1 fxe4 16. Bxe4 Rc8 17. Bd5 Bxd5 18. Rxd5 Rd8 19.
Rad1 Rxd5 20. Nxd5 $14 {Kochyev,A-Balashov,Y/Moscow GMA-op 1989/1/2-1/2 (60)})
12... Bc8 13. a4 (13. c3 $5 dxc3 14. bxc3 Qc7 15. Qd2 a5 $6 16. Na4 $1 Nd8 17.
Qe3 Ra6 18. Nbc5 Rd6 19. Rab1 $16 {Seirawan,Y-Kortschnoj,V/Monaco Amber blind
1994 (42)}) (13. f4 $6 Bxc5 $1 14. Nxc5 Qe7 15. Ne4 f5 16. Nd2 e4 17. Nb3 Qf6
18. Qd2 O-O $132 {Alvarez,T-Song,P/New York op 1993 (36)}) 13... Qc7 14. Qd3 a6
15. c3 Bxc5 $6 16. Nxc5 dxc3 17. bxc3 f5 18. Rfd1 Na5 19. Rab1 $16 {Nemet,
I-Klauser,M/SUI-ch 1995 (26)}) 12. Nbc5 Bc8 13. c3 Be7 14. cxd4 exd4 15. Qb3 $5
({White did not succed to get an advantage after} 15. Rc1 O-O 16. Nd3 Qb6 17.
Nec5 Bxc5 18. Rxc5 Nb4 19. Qb3 a5 20. a4 Be6 $132 {Bischoff,K-Landenbergue,C/
SWZ-chI 1992 (28)}) 15... Qb6 $1 (15... Qc7 16. Rac1 O-O 17. Rfd1 Rb8 18. Na6
$5 {[%cal Gc1c6,Gb3b8]} (18. Qd3 $5 $36) 18... bxa6 19. Rxc6 $1 Qxc6 20. Qxb8
Bh3 21. Qe5 Bxg2 22. Kxg2 Bf6 23. Qf5 Re8 24. f3 $14) 16. Qxb6 axb6 17. Nd3 O-O
$132 {The bishops pair and active positions of the pieces compensates black
for the invalid pawns' structure.} 18. Rfc1 Re8 19. Kf1 Bg4 (19... Be6 20. b3
Ra5 21. Nf4 Bf5 $5 $13 (21... Rea8 $6 22. Nxe6 fxe6 23. a4 b5 24. Nc5 $1 Bxc5
25. Rxc5 bxa4 26. Rxa5 Rxa5 27. bxa4 $14)) 20. h3 Bf5 21. Rd1 Bf8 (21... Ba3 $6
22. bxa3 $1 Bxe4 23. Bxe4 Rxe4 24. Rdb1 Rxa3 25. Rxb6 Re7 26. Nc5 Nd8 (26...
Ra7 27. Nxb7 Rexb7 28. Rxc6 g6 $16) 27. Rd6 Nc6 28. Rb1 Kf8 29. Nxb7 $16) 22.
Nd2 h5 $6 {Starting the sequence of moves, which turns black's position into
ruines.} 23. Nf4 $1 $16 Nb4 $6 (23... g6 24. Nd5 $16) 24. a3 g5 $4 {Losing on
the spot.} 25. Nxh5 1-0

[Event "Julian Borowski 1st"]
[Site "Essen"]
[Date "1999.04.04"]
[Round "8"]
[White "Fridman, Daniel"]
[Black "Sutovsky, Emil"]
[Result "1/2-1/2"]
[WhiteElo "2529"]
[BlackElo "2612"]
[Annotator "Avrukh,B"]
[PlyCount "61"]
[EventDate "1999.03.??"]
[EventType "tourn"]
[EventRounds "9"]
[EventCountry "GER"]
[EventCategory "14"]
[SourceTitle "CBM 071"]
[Source "ChessBase"]
[SourceDate "1999.08.01"]
[SourceVersion "1"]
[SourceVersionDate "1999.08.01"]
[SourceQuality "1"]

1. Nf3 {Finkel,A} Nf6 2. d4 g6 3. g3 Bg7 4. Bg2 d5 5. O-O O-O 6. Bf4 c5 7. dxc5
(7. c3 Qb6 8. Qb3 Nc6 9. dxc5 $6 Qxc5 10. Ne5 Ne4 11. Nd3 Qa5 $15 {
Kikrushkin-Reznichenko/URS-ch otbor 1989}) 7... Nc6 $5 (7... Na6 8. c6 (8. Nc3
Nxc5 9. Be5 b6 (9... Nce4 $5 10. Nb5 Bg4 11. h3 Bxf3 12. exf3 Nc5 13. Qd4 Ncd7
14. f4 a6 $15 {Frentzas,P-Arakhamia,K/Ikaros op 1995}) 10. a4 Bb7 11. a5 $6
bxa5 12. Qb1 Nfe4 13. Bxg7 Kxg7 14. Nxe4 dxe4 $17 {Shvidler,E-Rechlis,G/Tel
Aviv-A 1989}) 8... bxc6 9. Be5 Nc5 10. c4 Ncd7 11. Bc3 Ba6 12. Na3 Rc8 13. Rc1
Re8 14. Qa4 Qb6 $13 {Doroshkievich,V-Krogius,N/Sochi 1964}) 8. c3 (8. Qc1 Qa5
9. Nbd2 Qxc5 10. Nb3 Qc4 11. Re1 Bf5 12. c3 Rfd8 13. Nfd2 Qa4 $11 {Romanishin,
O-Neverov,V/URS-sf Ukraine-ch 1989}) 8... Ne4 9. Ng5 (9. Be3 $5 e5 $5 (9... Be6
$6 10. Nd4 $1 Qd7 11. Nxe6 Qxe6 12. Nd2 $16) 10. Nbd2 Qe7 11. Nxe4 dxe4 12. Ng5
f5 13. Qd5+ Kh8 14. Qd6 h6 $1 $44) 9... Nxg5 10. Bxg5 Be6 11. Qc1 (11. Nd2 $5)
11... Qa5 12. Be3 $6 (12. b4 $5 Qa6 $5 (12... Qb5 13. Qd2 a5 $2 (13... Nxb4 $2
14. cxb4 $1 (14. Bxe7 $14) 14... Bxa1 15. Na3 Qa4 16. Rxa1 Qxa3 17. Bxe7 $1
Rfe8 18. Bf6 $18) (13... Qc4 $5) 14. a4 Qc4 15. b5 Ne5 16. Bxe7 Rfe8 17. Bd6
$16) 13. Qb2 $1 Qc4 (13... d4 $2 14. b5 dxc3 15. Nxc3 Bxc3 16. Qxc3 Qxb5 17.
Bh6 $18) 14. a3 h6 15. Bf4 a5 $44) 12... d4 $1 $44 13. cxd4 (13. Bxc6 $5 dxe3
14. Bxb7 exf2+ 15. Rxf2 Rad8 (15... Qxc5 $6 16. Bxa8 Rxa8 17. Nd2 $16) 16. b4
Qc7 17. Bg2 Qe5 $5 $44) 13... Nxd4 14. Bxd4 (14. Nc3 $5 Qxc5 (14... Qxc3 $6 15.
bxc3 Nxe2+ 16. Kh1 Nxc1 17. Rfxc1 Rab8 18. Rab1 $14 {[%csl Rb7][%cal Gc5c6]})
15. Bxd4 Bxd4 16. Bxb7 Rab8 17. Bg2 Rfc8 $44) 14... Bxd4 15. Nd2 Qxc5 (15...
Qb5 16. Nb3 $1 (16. Ne4 $6 Qxe2 17. Nc3 Qa6 $15) 16... Bxb3 17. axb3 Bxc5 $11)
16. Qxc5 Bxc5 17. Nb3 $11 {[%mdl 4096]} Bd6 $5 (17... Bxb3 $11) 18. Bxb7 Rab8
19. Ba6 Be5 (19... Bxb3 20. axb3 Rxb3 21. Bc4 $11) 20. Rab1 Rb6 21. Bd3 Rc8 (
21... Bxb3 22. axb3 Rxb3 23. Ra1 Rb7 24. Be4 (24. Ra2 $2 Bxb2 25. Rb1 Rfb8 26.
Be4 Rb4 $17) 24... Rxb2 25. Rxa7 Rxe2 26. Bf3 Bd4 27. Rd7 $11) 22. Rfc1 Rxc1+
23. Rxc1 Bxb3 24. axb3 Rxb3 25. Rc5 $1 $11 {[%mdl 2048]} Bd4 (25... Bxb2 26.
Rc7 a5 27. Rxe7 {[%cal Gd3c4]} Rb4 28. Rc7 Bf6 29. Bc4 Be7 30. Rxe7 $11) 26.
Rd5 Bf6 27. Ra5 Bd4 28. Rd5 Bf6 29. Ra5 Rb7 30. b3 Rxb3 31. Rxa7 1/2-1/2